000 00341nam a2200145Ia 4500
999 _c10791
_d10791
008 191201s2011 xx 000 0 und d
082 _a658.083
_bSHB
100 _aSHARMA, J.K.
245 0 _aBusiness Statistics
250 _a5th
260 _aNew Delhi
_bVikas Pub. House
_c2021
300 _a759
650 _aB Com
942 _2ddc
_cBK
_02